Jablko pokryté polibky /

Main Author: Žižka, Otokar, 1907-1963
Language: Czech
Published: Brno : [nakladatel není známý], 1934
Series: Katalepton
Physical Description: 23 stran ; 21 cm
Book
Saved in:
LEADER 01115nam a2200337 i 4500
001 001798505
003 CZ BrMZK
005 20220330140756.0
007 ta
008 210824s1934 xr g 000 p cze
020 |q (Brožováno) 
040 |a BOA001  |b cze  |e rda 
072 7 |a 821.162.3-1  |x Česká poezie  |2 Konspekt  |9 25 
080 |a 821.162.3-1  |2 MRF 
080 |a (0:82-1)  |2 MRF 
100 1 |a Žižka, Otokar,  |d 1907-1963  |7 jk01153209  |4 aut 
245 1 0 |a Jablko pokryté polibky /  |c Otokar Žižka 
264 1 |a Brno :  |b [nakladatel není známý],  |c 1934 
264 3 |b Kramerius 
300 |a 23 stran ;  |c 21 cm 
336 |a text  |b txt  |2 rdacontent 
337 |a bez média  |b n  |2 rdamedia 
338 |a svazek  |b nc  |2 rdacarrier 
490 1 |a Katalepton ;  |v 4. svazek 
500 |a 200 výtisků, 50 z nich číslovaných, podepsaných a ručně kolorovaných autorem 
650 0 7 |a česká poezie  |7 ph150471  |2 czenas 
830 0 |a Katalepton  |0 s 
910 |a BOA001  |b 2-1476.076 
990 |a BK 
991 |b 202203 
996 6 |b 2610885169  |c 2-1476.076  |l MZK  |r Sklad / do 1 hodiny  |n 1  |p dar  |w 001868167  |u 000010  |a 1  |e BOA001  |j MZK50  |s P